<?xml version="1.0" encoding="UTF-8"?>
<collection xmlns="http://www.loc.gov/MARC21/slim">
 <record>
  <leader>01501nam a2200193Ia 4500</leader>
  <controlfield tag="001">CTU_28316</controlfield>
  <controlfield tag="008">210402s9999    xx            000 0 und d</controlfield>
  <datafield tag="082" ind1=" " ind2=" ">
   <subfield code="a">341</subfield>
  </datafield>
  <datafield tag="082" ind1=" " ind2=" ">
   <subfield code="b">L502</subfield>
  </datafield>
  <datafield tag="100" ind1=" " ind2=" ">
   <subfield code="a">Nguyễn, Văn Luận</subfield>
  </datafield>
  <datafield tag="245" ind1=" " ind2="0">
   <subfield code="a">Giáo trình luật Quốc tế</subfield>
  </datafield>
  <datafield tag="245" ind1=" " ind2="0">
   <subfield code="c">Chủ biên: Nguyễn Văn Luận</subfield>
  </datafield>
  <datafield tag="260" ind1=" " ind2=" ">
   <subfield code="a">Hà Nội</subfield>
  </datafield>
  <datafield tag="260" ind1=" " ind2=" ">
   <subfield code="b">Công an nhân dân</subfield>
  </datafield>
  <datafield tag="260" ind1=" " ind2=" ">
   <subfield code="c">1998</subfield>
  </datafield>
  <datafield tag="520" ind1=" " ind2=" ">
   <subfield code="a">Gồm 10 chương về các nội dung : khái niệm, lịch sử phát triển và nguồn gốc của luật quốc tế; Các nguyên tắc cơ bản của luật quốc tế; Chủ thể của luật quốc tế; Luật điều ước quốc tế, Dân cư trong luật quốc tế hiện đại; Lãnh thổ và biên giới quốc gia; Luật biển quốc tế; Luật hàng không quốc tế; Luật ngoại giao và lãnh sự; Hội nghị và các tổ chức quốc tế; Các biện pháp hòa bình giải quyết tranh chấp quốc tế; Vấn đề an ninh quốc tế và giải trừ quân bị trong luật quốc tế hiện đại; Luật lệ và tập quán quốc tế về chiến tranh; Trách nhiệm pháp lý quốc tế.</subfield>
  </datafield>
  <datafield tag="650" ind1=" " ind2=" ">
   <subfield code="a">International law</subfield>
  </datafield>
  <datafield tag="904" ind1=" " ind2=" ">
   <subfield code="i">Nguyễn Quang Điền, Giang sửa</subfield>
  </datafield>
  <datafield tag="980" ind1=" " ind2=" ">
   <subfield code="a">Trung tâm Học liệu Trường Đại học Cần Thơ</subfield>
  </datafield>
 </record>
</collection>
